Dostavba prieluky, Radlinského ulica, Bratislava

Salvato in:
Dettagli Bibliografici
Autore principale: Bartal, Kata (Autore)
Altri autori: Bartošová, Nina (Relatore della tesi)
Natura: Manoscritto Libro
Lingua:slovacco
Pubblicazione: Bratislava 2022
Soggetti:
Accesso online:http://is.stuba.sk/zp/portal_zp.pl?podrobnosti=152611
Tags: Aggiungi Tag
Nessun Tag, puoi essere il primo ad aggiungerne!!

MARC

LEADER 00000ntm a22000003a 4500
001 stuzp89569
003 SK-STU
005 20221025095707.9
007 ta
008 150427s2015----xo-----f-mn---000-0-slo-d
040 |a STU  |b slo 
041 0 |a slo 
100 1 |a Bartal, Kata  |u 053130  |4 aut  |U FAD Fakulta architektúry a dizajnu  |T FAD Ústav dejín a teórie architektúry a obnovy pamiatok  |X 99243  |U A3130  |Y 394  |7 99243 
242 0 1 |a Gap Building, Radlinského Street, Bratislava  |y eng 
245 1 0 |a Dostavba prieluky, Radlinského ulica, Bratislava 
260 |c 2022  |a Bratislava 
650 4 |a obytná budova  |2 slo 
650 4 |a hliníkové panely  |2 slo 
650 4 |a prieluka  |2 slo 
650 4 |a aluminium panels  |2 eng 
650 4 |a residental building  |2 eng 
650 4 |a gap  |2 eng 
700 1 |a Bartošová, Nina  |u 053130  |k Z1  |4 ths  |U FAD Fakulta architektúry a dizajnu  |T FAD Ústav dejín a teórie architektúry a obnovy pamiatok  |X 15769  |U A3130  |Y 394  |7 A000015769 
856 4 |u http://is.stuba.sk/zp/portal_zp.pl?podrobnosti=152611  |u https://opac.crzp.sk/?fn=detailBiblioForm&sid=62A48EA6D8C294D55BC5BA542714